Équipe d'Allemagne de Football - Tous les joueurs (2000-...) - Statistiques

Statistiques générales
  • Ce quiz a été pris 2 508 fois
    342 depuis la dernière actualisation
  • Le résultat moyen est 50 sur 219
Statistiques - réponses
Première sélection Dernière sélection Joueur Nb de sélections % Correct
2009 2024 Manuel Neuer 124
97%
2010 2024 Thomas Müller 131
96%
2013 2013 Nicolai Müller 2
95%
2001 2014 Miroslav Klose 137
88%
2004 2014 Philipp Lahm 113
88%
2012 Marc-André Ter Stegen 44
87%
2016 Joshua Kimmich 105
84%
2010 2024 Toni Kroos 114
84%
2010 2023 Mario Götze 66
81%
2009 2018 Mesut Özil 92
81%
2009 2018 Jérôme Boateng 76
80%
2010 2023 Mats Hummels 78
80%
2004 2016 Bastian Schweinsteiger 121
78%
2015 Leroy Sané 70
78%
1995 2006 Oliver Kahn 86
78%
2009 2018 Sami Khedira 77
76%
2016 Serge Gnabry 55
76%
2014 Leon Goretzka 65
74%
2021 Jamal Musiala 40
73%
2011 2021 Marco Reus 48
71%
2012 2022 Julian Draxler 58
68%
2014 Antonio Rüdiger 81
66%
2021 Florian Wirtz 35
66%
2016 Jonathan Tah 41
66%
2007 2018 Mario Gomez 78
66%
1999 2010 Michael Ballack 98
66%
1980 2000 Lothar Matthäus 150
64%
2010 2017 Andre Schürrle 57
63%
2011 2024 Ilkay Gundogan 82
62%
2004 2017 Lukas Podolski 130
62%
2018 Kai Havertz 55
60%
2004 2014 Per Mertesacker 104
59%
2017 Timo Werner 57
57%
2015 Emre Can 48
56%
2017 Kevin Trapp 9
54%
2016 Niklas Süle 49
52%
2016 Julian Brandt 48
44%
2022 Nico Schlotterbeck 22
44%
2014 2017 Shkodran Mustafi 20
43%
2011 2017 Benedikt Höwedes 44
42%
2022 Niclas Füllkrug 24
42%
2018 Thilo Kehrer 28
42%
2016 2021 Bernd Leno 9
41%
2021 Karim Adeyemi 11
40%
2003 2003 Tobias Rau 7
38%
1998 2008 Jens Lehmann 61
36%
2025 Nick Woltemade 6
36%
2021 David Raum 32
35%
2010 2015 Holger Badstuber 31
35%
2011 2014 Lars Bender 19
35%
2010 2013 Sven Bender 7
35%
1999 2005 Frank Baumann 28
34%
2024 Oliver Baumann 8
34%
2009 2010 Andreas Beck 9
33%
2014 Matthias Ginter 51
33%
2024 Aleksandar Pavlovic 7
31%
2024 Alexander Nübel 2
30%
2023 Pascal Gross 16
30%
2013 2015 Roman Weidenfeller 5
30%
2014 2016 Christoph Kramer 12
28%
2014 2019 Jonas Hector 43
28%
2010 2014 Marcel Schmelzer 16
27%
2013 2013 Sidney Sam 5
27%
2002 2011 Arne Friedrich 82
26%
2006 2008 Manuel Friedrich 9
26%
2020 Robin Gosens 24
26%
2001 2009 Torsten Frings 79
26%
2024 Deniz Undav 6
25%
2023 Robert Andrich 19
25%
2014 2021 Kevin Volland 15
23%
2019 Lukas Klostermann 22
23%
2016 Benjamin Henrichs 19
21%
2014 Christian Günter 8
20%
2023 Malick Thiaw 3
20%
2024 Maximilian Mittelstädt 15
20%
1996 2002 Oliver Bierhoff 70
20%
2024 Angelo Stiller 5
19%
2006 2010 Piotr Trochowski 35
19%
2001 2008 Christoph Metzelder 47
18%
2020 Jonas Hofmann 23
18%
2010 2014 Kevin Grosskreutz 6
18%
2014 2021 Maximilian Arnold 3
18%
2008 2013 René Adler 12
18%
2011 2019 Sebastian Rudy 29
18%
2007 2010 Stefan Kiessling 6
18%
2004 2010 Christian Schulz 4
17%
2023 Felix Nmecha 4
17%
2014 2016 Karim Bellarabi 11
17%
2021 Lukas Nmecha 7
17%
2018 2020 Nico Schulz 12
17%
1999 2008 Bernd Schneider 81
16%
2016 2022 Julian Weigl 6
16%
2024 Waldemar Anton 11
16%
2006 2008 Clemens Fritz 22
15%
2003 2008 Kevin Kuranyi 52
15%
2014 2016 Max Meyer 4
15%
2022 Youssoufa Moukoko 2
15%
2009 2012 Cacau 23
14%
2024 Maximilian Beier 7
14%
1995 2002 Mehmet Scholl 36
14%
2017 2018 Sandro Wagner 8
14%
2000 2010 Hans-Jörg Butt 4
13%
2019 Nadiem Amiri 9
13%
1998 2008 Oliver Neuville 69
13%
2019 Robin Koch 15
13%
1997 2005 Dietmar Hamann 59
12%
2020 2022 Florian Neuhaus 10
12%
2020 Ridle Baku 6
12%
2007 2009 Robert Enke 8
12%
2001 2006 Sebastian Kehl 31
12%
2023 Kevin Schade 4
11%
2017 2018 Lars Stindl 11
11%
2005 2014 Marcell Jansen 45
11%
2004 2009 Robert Huth 19
11%
2004 2010 Thomas Hitzlsperger 52
11%
2014 2014 André Hahn 1
10%
2001 2006 Gerald Asamoah 43
10%
2024 Jonathan Burkardt 5
10%
2020 2020 Mahmoud Dahoud 2
10%
2017 Marcel Halstenberg 9
10%
2008 2010 Marko Marin 16
10%
2013 2015 Max Kruse 14
10%
2025 Tom Bischof 1
10%
1992 2005 Christian Wörns 66
9%
1997 2004 Jens Jeremies 55
9%
2025 Nathaniel Brown 1
9%
2004 2006 Patrick Owomoyela 11
9%
2011 2015 Ron-Robert Zieler 6
9%
1988 2000 Thomas Hässler 101
9%
2002 2008 Tim Borowski 33
9%
2008 2012 Tim Wiese 6
9%
2009 2009 Tobias Weis 1
9%
2025 Yan Aurel Bisseck 1
9%
1998 2002 Carsten Jancker 33
8%
2023 Chris Führich 8
8%
2006 2008 David Odonkor 16
8%
2010 2013 Dennis Aogo 12
8%
2014 2014 Erik Durm 7
8%
2008 2013 Heiko Westermann 27
8%
2024 Jamie Leweling 3
8%
1995 2002 Jörg Heinrich 37
8%
1997 2002 Lars Ricken 16
8%
2002 2002 Martin Max 1
8%
2020 2020 Philipp Max 3
8%
2000 2006 Sebastian Deisler 36
8%
1997 2004 Thomas Linke 43
8%
2009 2014 Aaron Hunt 3
7%
2017 2021 Amin Younes 8
7%
1998 2004 Carsten Ramelow 46
7%
2007 2007 Gonzalo Castro 5
7%
1997 2006 Jens Nowotny 48
7%
2017 2017 Kerem Demirbay 2
7%
1993 2004 Christian Ziege 72
6%
2002 2006 Fabian Ernst 24
6%
2023 Josha Vagnoman 1
6%
1998 2003 Marko Rehmer 35
6%
2015 2015 Patrick Herrmann 5
6%
2007 2011 Simon Rolfes 26
6%
2022 Anton Stach 2
5%
2022 Armel Bella-Kotchap 2
5%
1994 2004 Fredi Bobic 37
5%
2019 2020 Luca Waldschmidt 7
5%
1995 2000 Markus Babbel 51
5%
2005 2007 Mike Hanke 12
5%
2025 Nnamdi Collins 1
5%
2008 2010 Serdar Tasci 14
5%
2004 2007 Timo Hildebrand 7
5%
2009 2011 Christian Träsch 10
4%
2017 2017 Diego Demme 1
4%
2010 2012 Lewis Holtby 3
4%
2008 2010 Marcel Schäfer 8
4%
1995 2002 Marco Bode 40
4%
2017 2018 Marvin Plattenhardt 7
4%
2019 2020 Niklas Stark 2
4%
2024 Tim Kleindienst 6
4%
2003 2009 Andreas Hinkel 21
3%
2002 2004 Christian Rahn 5
3%
2002 2003 Frank Rost 4
3%
2001 2003 Jörg Bohme 10
3%
2018 2018 Nils Petersen 2
3%
2007 2010 Patrick Helmes 13
3%
2019 2020 Suat Serdar 4
3%
1993 2000 Ulf Kirsten 51
3%
1998 2002 Alexander Zickler 12
2%
2009 2010 Christian Gentner 5
2%
1997 2000 Dariusz Wosz 17
2%
2006 2007 Jan Schlaudraff 3
2%
2008 2008 Jermaine Jones 3
2%
2018 2018 Mark Uth 1
2%
2023 Marvin Ducksch 2
2%
2014 2014 Oliver Sorg 1
2%
2002 2007 Paul Freier 19
2%
1998 2000 Paulo Rink 13
2%
2007 2008 Roberto Hilbert 8
2%
2010 2010 Sascha Riether 2
2%
2014 2014 Sebastian Jung 1
2%
2010 2013 Stefan Reinartz 3
2%
2002 2004 Thomas Brdaric 8
2%
2006 2007 Alexander Madlung 2
1%
2003 2004 Benjamin Lauth 5
1%
2007 2007 Christian Pander 2
1%
2002 2002 Daniel Bierofka 3
1%
2004 2004 Frank Fahrenhorst 2
1%
2003 2003 Hanno Balitsch 1
1%
2000 2002 Ingo Hertzsch 2
1%
2023 Kevin Behrens 1
1%
2006 2006 Malik Fathi 2
1%
2004 2005 Marco Engelhardt 3
1%
2008 2008 Marvin Compper 1
1%
2023 Mërgim Berisha 2
1%
2003 2003 Michael Hartmann 4
1%
1999 2000 Michael Preetz 7
1%
2013 2013 Philipp Wollscheid 2
1%
2012 2013 Roman Neustädter 2
1%
2000 2000 Zoltan Sebescen 1
1%
2004 2004 Andreas Görlitz 2
0%
2005 2005 Lukas Sinkiewicz 3
0%
1998 2000 Stefan Beinlich 5
0%
2016 2016 Yannick Gerhardt 1
0%
Aucun quiz correspondant
Distribution des résultats
% des personnes avec chaque résultat
Percentile par nombre de réponses
Votre historique - résultats
Vous n’avez pas pris ce quiz depuis la dernière actualisation